A prayer for the crown-shy / Becky Chambers ; ... Read More
Available copies
- 1 of 2 copies available at LARL/NWRL Consortium.
- 1 of 2 copies available at Lake Agassiz Regional Library. (Show preferred library)
Current holds
0 current holds with 2 total copies.
Show Only Available Copies
| Location | Call Number / Copy Notes | Barcode | Shelving Location | Status | Due Date |
|---|---|---|---|---|---|
| Bagley Public Library | SF CHA (Text) | 33500013633094 | Main | Checked out | 06/02/2026 |
| Detroit Lakes Public Library | SF CHA (Text) | 33500013633086 | Main | Available | - |
Record details
- ISBN: 9781250236234
- ISBN: 1250236231
- Physical Description: 152 pages ; 21 cm.
- Edition: First Edition.
- Publisher: New York : Tordotcom, 2022.
- Copyright: ©2022
Content descriptions
| General Note: | "A Tom Doherty Associates book." |
| Summary, etc.: | "A Prayer for the Crown-Shy is a story of kindness ... Read More |
Search for related items by subject
| Subject: | Monks > Fiction. Robots > Fiction. Self-consciousness (Awareness) > Fiction. Gender-nonconforming people > Fiction. Friendship > Fiction. Robots > Fiction. |
| Genre: | Science fiction. Dystopian fiction. |
Search for related items by series
| LDR | 02471cam a22005178i 4500 | ||
|---|---|---|---|
| 001 | 389450 | ||
| 003 | LARL_NWRL_CONSORTIUM | ||
| 005 | 20220720190331.0 | ||
| 008 | 220224t20222022nyu e 000 1 eng | ||
| 010 | . | ‡a 2022008289 | |
| 040 | . | ‡aDLC ‡beng ‡erda ‡cDLC ‡dBDX ‡dMJ8 ‡dJCX ‡dOMN ‡dOI6 ‡dRNL ‡dIH9 ‡dJAS ‡dTXSCH ‡dVP@ ‡dIMT | |
| 019 | . | ‡a1299346852 | |
| 020 | . | ‡a9781250236234 ‡q(hardcover) | |
| 020 | . | ‡a1250236231 ‡q(hardcover) | |
| 020 | . | ‡z9781250236241 ‡q(ebook) | |
| 035 | . | ‡a(OCoLC)1300756362 ‡z(OCoLC)1299346852 | |
| 042 | . | ‡apcc | |
| 082 | 0 | 0. | ‡a813/.6 ‡223 |
| 100 | 1 | . | ‡aChambers, Becky, ‡eauthor. ‡0(LARL_NWRL_CONSORTIUM)221449 |
| 245 | 1 | 2. | ‡aA prayer for the crown-shy / ‡cBecky Chambers ; [edited by Lee Harris]. |
| 250 | . | ‡aFirst Edition. | |
| 264 | 1. | ‡aNew York : ‡bTordotcom, ‡c2022. | |
| 264 | 4. | ‡c©2022 | |
| 300 | . | ‡a152 pages ; ‡c21 cm. | |
| 336 | . | ‡atext ‡btxt ‡2rdacontent | |
| 337 | . | ‡aunmediated ‡bn ‡2rdamedia | |
| 338 | . | ‡avolume ‡bnc ‡2rdacarrier | |
| 490 | 0 | . | ‡aMonk and Robot ; ‡v2 |
| 500 | . | ‡a"A Tom Doherty Associates book." | |
| 520 | . | ‡a"A Prayer for the Crown-Shy is a story of kindness and love from one of the foremost practitioners of hopeful SF. After touring the rural areas of Panga, Sibling Dex (a Tea Monk of some renown) and Mosscap (a robot sent on a quest to determine what humanity really needs) turn their attention to the villages and cities of the little moon they call home. They hope to find the answers they seek, while making new friends, learning new concepts, and experiencing the entropic nature of the universe. Becky Chambers's new series continues to ask: in a world where people have what they want, does having more even matter?"-- ‡cProvided by publisher. | |
| 650 | 0. | ‡aMonks ‡vFiction. ‡0(LARL_NWRL_CONSORTIUM)166126 | |
| 650 | 0. | ‡aRobots ‡vFiction. ‡0(LARL_NWRL_CONSORTIUM)167147 | |
| 650 | 0. | ‡aSelf-consciousness (Awareness) ‡vFiction. | |
| 650 | 0. | ‡aGender-nonconforming people ‡vFiction. | |
| 650 | 0. | ‡aFriendship ‡vFiction. ‡0(LARL_NWRL_CONSORTIUM)164944 | |
| 650 | 7. | ‡aRobots ‡vFiction. ‡2sears ‡0(LARL_NWRL_CONSORTIUM)167147 | |
| 655 | 7. | ‡aScience fiction. ‡2lcgft | |
| 655 | 7. | ‡aDystopian fiction. ‡2lcgft | |
| 700 | 1 | . | ‡aHarris, Lee, ‡eeditor. ‡0(LARL_NWRL_CONSORTIUM)99811 |
| 776 | 0 | 8. | ‡iOnline version: ‡aChambers, Becky. ‡tPrayer for the Crown-Shy ‡bFirst Edition. ‡dNew York : Tordotcom, a Tom Doherty Associates Book, 2022 ‡z9781250236241 ‡w(DLC) 2022008290 |
| 901 | . | ‡a389450 ‡bOCoLC ‡c389450 ‡tbiblio ‡soclc | |

Add to basket
Permalink
Disable Highlighting